|
|
|
|
| LEADER |
01056nam a22002657a 4500 |
| 001 |
38551 |
| 003 |
BD-DhAAL |
| 005 |
20220518112833.0 |
| 008 |
220518t2009 enka|||| bi|| 001 0 eng d |
| 999 |
|
|
|c 44192
|d 44192
|
| 020 |
|
|
|a 9780099520399
|
| 040 |
|
|
|a BD-DhAAL
|c BD-DhAAL
|
| 082 |
|
|
|a 973
|2 23
|
| 100 |
|
|
|a Schama, Simon
|9 48488
|
| 245 |
|
|
|a The American future :
|b a history from the founding fathers to Barack Obama /
|c Simon Schama
|
| 260 |
|
|
|a London :
|b Vintage,
|c 2009.
|
| 300 |
|
|
|a 400 pages :
|b illustrations ;
|c 20 cm.
|
| 504 |
|
|
|a Includes bibliographical references (pages [371]-378) and index.
|
| 541 |
|
|
|a Donated By Akbar Ali Khan
|e 38551
|
| 650 |
|
|
|a Nationalism
|z United States.
|9 48489
|
| 651 |
|
|
|a United States
|x Foreign relations.
|9 48490
|
| 651 |
|
|
|a United States
|x History.
|9 48491
|
| 852 |
|
|
|a Ayesha Abed Library
|c Akbar Ali Khan Collection
|
| 942 |
|
|
|2 ddc
|c BK
|
| 952 |
|
|
|0 0
|1 0
|2 ddc
|4 0
|6 973_000000000000000_SCH
|7 1
|9 70634
|a BRACUL
|b BRACUL
|c AAKC
|d 2022-05-18
|e Donated by Akbar Ali Khan
|l 0
|o 973 SCH
|p 3010038551
|r 2022-05-18
|t 1
|w 2022-05-18
|y BK
|